Champions league winners - Statistics

General Stats
  • This quiz has been taken 26 times
  • The average score is 17 of 23
Answer Stats
Times Won Answer % Correct
5 Barcelona
96%
6 Liverpool
96%
3 Manchester United
96%
15 Real Madrid
96%
7 AC Milan
92%
4 Ajax
88%
6 Bayern Munich
83%
2 Chelsea
83%
2 Juventus
83%
1 Manchester City
83%
3 Internazionale
79%
2 Nottingham Forest
71%
2 Benfica
67%
2 Porto
67%
1 PSV Eindhoven
67%
1 Borussia Dortmund
63%
1 Celtic
63%
1 Marseille
63%
1 Aston Villa
58%
1 Feyenoord
50%
1 Hamburg
50%
1 Red Star Belgrade
50%
1 Steaua Bucuresti
21%
No matching quizzes found
Score Distribution
Percent of People with Each Score
Percentile by Number Answered
Your Score History
You have not taken this quiz